000 00828nam a2200229 a 4500
001 000048160
005 20201002060946.0
008 181204s2012 dr a 000 0 spa d
020 _a9789945116588
040 _aDO-SdBNP
_bspa
_cBNPHU
082 _axxxx
_bC352c, 5to., 2012
100 1 _aCastillo, Abel
_975622
245 1 0 _aCívica 5 :
_beducación básica /
_cAbel Castillo, Fanny Capellán Almonte; editora Fanny Capellán Almonte; ilustración Ruddy Núñez.
260 _aSanto Domingo :
_bSantillana,
_c2012.
300 _a2v. :
_bil., ;
_c28 cm.
490 1 _aInnova
505 0 _gv.1.
_tLibro texto --
_gv.2
_tEdición anotada para el profesor y la profesora
590 _aInventariado, 2018/MFF
700 1 _aCapellán Almonte, Fanny,
_eed.
_929766
700 1 _aNúñez, Ruddy,
_eil.
_923171
830 0 _aInnova
_929570
999 _c47648
_d47648